Gestión tecnológica y transferencia de tecnología en la Universidad de Costa Rica

Salvato in:
Dettagli Bibliografici
Autore principale: Hidalgo A, Roberto
Altri autori: Monge G, Guillermo, Monge Z, Jorge E
Natura: Libro
Lingua:Spanish
Serie:Documentos de trabajo
Tags: Aggiungi Tag
Nessun Tag, puoi essere il primo ad aggiungerne!!

MARC

LEADER 00000nam a2200000Ia 4500
003 002062
005 20221231143947.0
008 140114s1988 cr a 000 ||spa d
040 |c cru CEDI 
082 |a 600 H632g 
100 |a Hidalgo A, Roberto  |9 21195 
245 |a Gestión tecnológica y transferencia de tecnología en la Universidad de Costa Rica  
300 |a 29 páginas 
440 |a Documentos de trabajo  |n 118  |9 21198 
700 |9 21196  |a Monge G, Guillermo  
700 |9 21197  |a Monge Z, Jorge E 
942 |2 ddc  |c BK 
999 |c 14828  |d 14828